Intertek / (Record no. 229465)
[ view plain ]
| 000 -LEADER | |
|---|---|
| fixed length control field | 00468nam a22001457a 4500 |
| 005 - DATE AND TIME OF LATEST TRANSACTION | |
| control field | 20231212111930.0 |
| 008 - FIXED-LENGTH DATA ELEMENTS--GENERAL INFORMATION | |
| fixed length control field | 231212b ||||| |||| 00| 0 eng d |
| 040 ## - CATALOGING SOURCE | |
| Transcribing agency | AIMIT LIBRARY |
| 100 ## - MAIN ENTRY--PERSONAL NAME | |
| Personal name | DSouza, Amish Dickson |
| Relator term | 2017006 |
| 9 (RLIN) | 145112 |
| 245 ## - TITLE STATEMENT | |
| Title | Intertek / |
| Statement of responsibility, etc. | By Amish Dickson DSouza |
| 700 ## - ADDED ENTRY--PERSONAL NAME | |
| Personal name | B, Santhosh |
| Relator term | Mentor |
| 9 (RLIN) | 145113 |
| 700 ## - ADDED ENTRY--PERSONAL NAME | |
| Personal name | V, Veekshith |
| Relator term | Guide |
| 9 (RLIN) | 145114 |
| 856 ## - ELECTRONIC LOCATION AND ACCESS | |
| Materials specified | Novigo Solutions, Mangalore |
| Uniform Resource Identifier | <a href="https://www.novigosolutions.com/">https://www.novigosolutions.com/</a> |
| 942 ## - ADDED ENTRY ELEMENTS (KOHA) | |
| Source of classification or shelving scheme | Dewey Decimal Classification |
| Koha item type | Project Report |
| Withdrawn status | Lost status | Source of classification or shelving scheme | Damaged status | Not for loan | Collection code | Home library | Current library | Date acquired | Total Checkouts | Barcode | Date last seen | Copy number | Uniform Resource Identifier | Price effective from | Koha item type |
|---|---|---|---|---|---|---|---|---|---|---|---|---|---|---|---|
| Dewey Decimal Classification | Not for loan | Project Report MCA | St Aloysius Institute of Management & Information Technology | St Aloysius Institute of Management & Information Technology | 12/12/2023 | PRC01236 | 12/12/2023 | 2017006 | https://www.novigosolutions.com/ | 12/12/2023 | Project Report |